1425 1652 1141 1437 1833 1239 1569 1648 1181 1988 1216 1789 1082 1295 1524 1916 1382 1896 1332 1857 1725 1170 1560 1641 1120 1665 1020 1423 1517 1346 1172 1991 1830 1078 1217 1326 1031 1235 1315 1334 1505 1772 1452 1629 1914 1009 1237 1640 1886 1228 1654 1044 1051 1277 1156 1801 1610 1187 1769 1030 1792 1768 1039 1095 1126 1027 1878 1465 1352 1295 1354 1170 1670 1025 1174 1119 1096 1995 1295 1061 1413 1200 1160 1220 1408 1020 1612 1727 1549 1719 1809 1689 1726 1041 1773 1442 1190 1477 1308 BCNSPRNW ULIB Ver.6.0+V

เปลี่ยนเป็นภาษาไทย

Change to English
 แสดงรายละเอียดบรรณานุกรม
  กลับหน้าหลัก

Brief Record : Get Marc (ISO 2709) : E-mail record : QR code < ปิดหน้าต่าง
LEADER : 00000nam 2200000uu 4500
001    13399124778
003     ULIB
008    160323s2015||||th 000 0 eng d
020    ^a9781455770151
060  4 ^aWY157.3^bL527i
100 1  ^aLeifer, Gloria.
245 10 ^aIntroduction to maternity & pediatric nursing /^cGloria Leifer.
250    ^a7th ed.
260    ^aSt. Louis, Mo. :^bMosby/Elsevier,^cc2015
300    ^axxii, 842 p. :^bill. (some col.)
500    ^a^"Login/Password has been inside of this book^"
504    ^aIncludes bibliographical references and index.
650  2 ^aMaternal-Child Nursing^xmethods.
650  2 ^aPediatric Nursing^xmethods.
945    ^p3^l0^i000327
999    ^aเกษร โพธิ์สุวรรณ
รายการนี้ยังไม่มีแท็ก
คุณยังไม่ได้ล็อกอิน คุณสามารถมีกิจกรรมร่วมกับเว็บไซต์ได้ แต่ต้องล็อกอินก่อน ::
  ล็อกอิน

รายการสื่อสารสนเทศ

ลำดับที่ ประเภท เลขเรียก/บาร์โค้ด สถานที่ สถานะ
1. Book การพยาบาล
หนังสือสำรอง
สถานะ=หนังสือสำรอง
WY157.3 L527i ฉ.1 
  Barcode: 000327
ห้องสมุดวิทยาเขตสวรรค์ประชารักษ์
►หนังสือทั่วไป
บนชั้น

รายการใกล้เคียง
    ผู้แต่ง [Leifer, Gloria.]

BibComment


ยังไม่เคยถูกคอมเมนท์

คอมเมนท์ทรัพยากรรายการนี้
  คอมเมนท์: Introduction to ..


 Copyright 2026. Bcnsprnw @Library